| 000 | 00957nam a22003017a 4500 | ||
|---|---|---|---|
| 001 | 5415 | ||
| 003 | FISKH | ||
| 005 | 20241204115615.0 | ||
| 008 | 241204b cb ||||| |||| 00| 0 eng d | ||
| 020 | _a9780590465380 | ||
| 040 |
_aFISKH _beng _cFISKH _dFISKH |
||
| 050 | _aF334.M753 | ||
| 082 | _a323.092 | ||
| 100 | _aParks, Rosa | ||
| 245 |
_aRosa Parks: My Story / _cby Rosa Parks and James Haskins |
||
| 250 | _aFirst Scholastic printing, January 1994 | ||
| 260 |
_aNew York : _bScholastic ; _c1992. |
||
| 300 |
_a192 pages : _billustrations ; _c20 cm . |
||
| 505 | _aZ | ||
| 520 | _aRosa Park's life story reveals the deliberate choices she made that earned her the title "Mother to a Movement." | ||
| 521 | 8 |
_a970
_bLexile |
|
| 521 | 8 |
_aZ
_bRaz-Plus |
|
| 650 |
_aCivil Rights Movement _vNon-fiction |
||
| 650 |
_asegregation _vNon-fiction |
||
| 700 |
_aBodier, Julien _eeditor |
||
| 942 |
_2ddc _cBK _n0 |
||
| 999 |
_c5415 _d5415 |
||